000
00325nam a22001457a 4500
008
230317b ||||| |||| 00| 0 eng d
020
_a
0443089434
041
_a
eng
080
_a
615.53
082
_a
615.53LON
100
_a
14
101
_a
PEDIA
245
_a
PEDIATRIC INFECTIOUS DISEASES
_c
LONG.S.S
942
_2
udc
_c
BK
999
_c
59372
_d
59372